000 00713nam a2200241 a 4500
001 12765
003 BD-JhCC
005 20230510175922.0
008 180313s20162018bg a|||| ||a| 000 0 ben d
020 _a9847012005279
035 _a(BD-JhCC)12765
040 _aBD-JhCC
_dBD-JhCC
041 _abengali
082 _a923
_bCHO 2018
100 _aচৌধুরী, ফকরুল
245 _aপাবলো পিকাসো /
_cফকরুল চৌধুরী ।
260 _aঢাকা :
_bকথাপ্রকাশ;
_c২০১৮.
300 _a110 p. :
_c21 cm.
490 _aজীবনী গ্রন্থমালা
651 _abiography.
942 _2ddc
_cBK
_01
999 _c12765
_d12765